|
|
|
|
| LEADER |
01257nam a2200289 a 4500 |
| 001 |
12205151 |
| 008 |
100413s2000 caua 001 0 eng d |
| 010 |
|
|
|a 00710158
|
| 020 |
|
|
|a 0072123648
|
| 020 |
|
|
|a 0070411670 (CD ROM)
|
| 040 |
|
|
|a PMS
|c PMS
|d DLC
|
| 082 |
0 |
0 |
|a 005.75/85
|2 21
|
| 100 |
1 |
|
|a Loney, Kevin.
|
| 245 |
1 |
0 |
|a Oracle8i :
|b the complete reference /
|c Kevin Loney, George Koch.
|
| 250 |
|
|
|a 10th anniversary ed.
|
| 260 |
|
|
|a Berkeley :
|b Osborne McGraw-Hill,
|c c2000.+
|e 1 computer optical disc (4 3/4 in.)
|
| 300 |
|
|
|a xxx, 1308 p. :
|b ill. ;
|c 24 cm.
|
| 500 |
|
|
|a Includes index.
|
| 538 |
|
|
|a System requirements for accompanying CD-ROM: Acrobat Reader 3.01 or later; CD-ROM drive.
|
| 541 |
1 |
|
|e 00012378
|
| 650 |
|
0 |
|a Relational databases.
|
| 630 |
0 |
0 |
|a Oracle (Computer file)
|
| 700 |
1 |
|
|a Koch, George.
|
| 852 |
4 |
|
|a Ayesha Abed Library
|j General shelf
|
| 999 |
|
|
|c 9528
|d 9528
|
| 952 |
|
|
|0 0
|1 0
|2 ddc
|4 0
|6 005_758500000000000_LON
|7 0
|9 12002
|a BRACUL
|b BRACUL
|c GEN
|d 2010-09-22
|l 1
|m 5
|o 005.7585 LON
|p 3010012378
|r 2023-05-02
|s 2023-03-14
|t 1
|w 2010-09-22
|y BK
|x Price not available in Register
|
| 952 |
|
|
|0 0
|1 0
|2 ddc
|4 0
|6 005_758500000000000_LON_2000
|7 0
|9 12003
|a BRACUL
|b BRACUL
|c AV
|d 2010-09-22
|l 0
|o 005.7585 LON
|p 4010012378
|r 2010-09-22
|t 1
|w 2010-09-22
|y AV
|